000 00320nam a22001337a 4500
008 171020b xxu||||| |||| 00| 0 eng d
020 _a9780324399806
041 _aeng
080 _212 ED
_a338
100 _a54
101 _aMEN
245 _aAN INTRODUCTION TO MANAGEMENT SCIENCE
_cMARTIN.W.A
942 _2udc
_cBK
999 _c35235
_d35235